000 00207nam a2200085 4500
001 1258752
005 20260326110447.0
245 _aMASALLARLA ÇOCUK EĞİTİMİ
_cGERLİNDE ORTNER
260 _bSİSTEM YAYINCILIK
999 _c1258752
_d1258752